[Event "Balatonbereny op"]
[Site "Balatonbereny"]
[Date "1994.??.??"]
[Round "5"]
[White "Hoeckendorf, Hartmut"]
[Black "Czebe, Attila"]
[Result "0-1"]
[WhiteElo "2235"]
[BlackElo "2430"]

1.e4 c5 2.Nf3 Nc6 3.Nc3 e6 4.d4 cxd4 5.Nxd4 Nf6 6.g3 Be7 7.Bg2 O-O 8.O-O d6
9.a4 Bd7 10.Ndb5 Qb8 11.Bg5 Rd8 12.Qe2 a6 13.Na3 Qc7 14.Rfd1 Ne5 15.Be3 Bc6
16.a5 Qxa5 17.Nc4 Qb4 18.Nb6 Rab8 19.Ra3 Bb5 20.Qe1 d5 21.Rb3 Qd6 22.exd5 Nc4
23.Nxc4 Bxc4 24.Bf4 Qd7 25.d6 Bf8 26.Rb6 Re8 27.Qd2 e5 28.Bg5 Re6 29.b3 Qd8
30.Qe3 Bb5 31.Nxb5 axb5 32.Rxb5 Rxd6 33.Re1 Qd7 34.Bxf6 Qxb5 35.Bxe5 Re8
36.Bf1 Qd7 37.Qf4 Rd1 38.Rxd1 Qxd1 39.Bc3 Qxc2 40.Qc4 Qg6 41.Bd3 Qe6 42.Qh4 h6
43.Bc4 Qe4 44.Qh5 Re7 45.Qb5 Rc7 46.Ba5 Rc6 47.Bb6 Rd6 48.Be3 Rd1+ 49.Bf1 Rb1
50.h4 Qb4 51.Qf5 Qxb3  0-1

[Event "Barcelona UGA"]
[Site "Barcelona"]
[Date "1994.??.??"]
[Round "1"]
[White "Lacasa, JA."]
[Black "Vidarte Morales, Arturo"]
[Result "1/2-1/2"]
[WhiteElo "2295"]
[BlackElo "2420"]

1.e4 c5 2.Nf3 e6 3.d4 cxd4 4.Nxd4 Nc6 5.Nc3 Qc7 6.Be2 a6 7.Be3 b5 8.f4 Bb7
9.Nxc6 Qxc6 10.Bf3 Rc8 11.e5 Qc7 12.Ne4 Nh6 13.O-O Be7 14.a4 b4 15.a5 Bd5
16.Bb6 Qc6 17.Nd6+ Bxd6 18.exd6 Bxf3 19.Rxf3 Qxc2 20.Qd4 Nf5 21.Qxb4 Rc4
22.Qa3 O-O 23.Rf2 Qe4 24.Rd1 Rfc8 25.Qf3 Qxf3 26.Rxf3 R8c6 27.Bc7 Nd4 28.Rfd3 Nb5
29.g3 Nxc7 30.dxc7 d5 31.f5 Rxc7 32.Re3 Rc1 33.Rxc1 Rxc1+ 34.Kf2 Rc6 35.Rb3 Kf8
36.Rb6 Rc2+ 37.Ke3 Ke7 38.fxe6 fxe6 39.Kd4 Kf6 40.h4 h5 41.b3 Rb2 42.Kc3 Rg2
43.Rxa6 Ke5 44.Rb6 d4+ 45.Kd3 Rxg3+ 46.Kd2 Rg1 47.a6 Ra1 48.Kd3 Kd5 49.Rb5+ Kc6
50.Rxh5 Rxa6 51.Kxd4 Kd6  1/2-1/2

[Event "Regionalliga SW9495"]
[Site "Bayern"]
[Date "1994.??.??"]
[Round "3"]
[White "Schuele, Herbert"]
[Black "Mueller, Marcus"]
[Result "1/2-1/2"]
[WhiteElo "2000"]
[BlackElo "2080"]

1.e4 c5 2.Nf3 Nc6 3.d4 cxd4 4.Nxd4 e6 5.Nc3 a6 6.Be3 Nge7 7.a4 Nxd4 8.Bxd4 Nc6
9.Be3 Bb4 10.Qd3 O-O 11.Be2 b6 12.O-O Bb7 13.Rad1 d6 14.f4 Qc7 15.Qc4 Bc5
16.Bxc5 bxc5 17.Bf3 Na5 18.Qd3 Rad8 19.Ne2 Qb6 20.Qc3 d5 21.exd5 exd5 22.b3 Rfe8
23.Kh1 Nc6 24.Rfe1 Nb4 25.Ng3 d4 26.Rxe8+ Rxe8 27.Re1 Rd8 28.Qc4 Bxf3 29.gxf3 Qc6
30.Ne4 Re8 31.Rg1 Rxe4 32.fxe4 Qxe4+ 33.Rg2 Qe1+  1/2-1/2

[Event "Regionalliga SO9495"]
[Site "Bayern"]
[Date "1994.??.??"]
[Round "5"]
[White "Lipok, Erik"]
[Black "Philipp, Joerg"]
[Result "1-0"]
[WhiteElo "1940"]
[BlackElo "2020"]

1.e4 c5 2.Nf3 e6 3.d4 cxd4 4.Nxd4 Nc6 5.Nc3 Qc7 6.Be2 a6 7.O-O b5 8.a3 Bb7
9.Nxc6 dxc6 10.f4 c5 11.f5 Rd8 12.Qe1 e5 13.Bg5 Be7 14.Bxe7 Qxe7 15.Bf3 Nf6
16.Qe3 h5 17.Rad1 b4 18.axb4 cxb4 19.Rxd8+ Kxd8 20.Na4 Nd7 21.Rd1 Rh6 22.Nc5 Bc8
23.Nxd7 Bxd7 24.Qa7 Rc6 25.Rd2 g6 26.fxg6 fxg6 27.Qb8+  1-0

[Event "Regionalliga NO9495"]
[Site "Bayern"]
[Date "1994.??.??"]
[Round "7"]
[White "Maettig, Stefan"]
[Black "Beck, Karl"]
[Result "0-1"]
[WhiteElo "1990"]
[BlackElo "2025"]

1.e4 c5 2.Nf3 e6 3.d4 cxd4 4.Nxd4 Nc6 5.Nc3 a6 6.Be3 Bb4 7.Bd3 Nf6 8.O-O Qc7
9.Nxc6 Bxc3 10.bxc3 dxc6 11.f4 c5 12.c4 e5 13.Qf3 O-O 14.f5 b6 15.g4 Qc6
16.g5 Ne8 17.Qg3 Bb7 18.Qxe5 Nd6 19.g6 Nxe4 20.gxh7+ Kh8 21.Bxe4 Qxe4 22.Qxe4 Bxe4
23.Rab1 Rab8 24.Bf4 Rb7 25.Bd6 Rd8 26.Be5 f6 27.Bc3 Bxc2 28.Rbc1 Bd3 29.Rf4 Kxh7
30.a4 Re7 31.Rd1 Red7 32.Rd2 Bxf5 33.Rxd7 Bxd7 34.a5 b5 35.cxb5 Bxb5 36.Re4 Rd3
37.Be1 c4 38.Re7 Kg6 39.Rc7 Rd7 40.Rc5 f5 41.Bc3 Kg5 42.Kf2 Kf4 43.Ke2 Re7+
44.Kf2 Ke4 45.Ke2 g6 46.h4 Kf4+ 47.Kf2 Kg4 48.Rc8 Re6 49.Rh8 Rd6 50.Rh6 Rd3
51.Rxg6+ Kf4 52.Bg7 Rd2+ 53.Kg1 Kf3 54.h5 Be8 55.Rg5 Bxh5 56.Rxh5 Rg2+ 57.Kf1 Rxg7
58.Rxf5+ Ke3 59.Rc5 Kd3 60.Rd5+ Kc2 61.Re5 c3 62.Re6 Kc1 63.Ke2 c2  0-1

[Event "JUG-chT Cup"]
[Site "Becici"]
[Date "1994.??.??"]
[Round "?"]
[White "Kovacevic, Aleksandar"]
[Black "Zarkovic, Jugoslav"]
[Result "1-0"]
[WhiteElo "2405"]
[BlackElo "2395"]

1.e4 c5 2.Nf3 e6 3.d4 cxd4 4.Nxd4 Nc6 5.Nc3 Qc7 6.Be2 a6 7.O-O Nf6 8.Kh1 Bb4
9.Qd3 Qd6 10.Nxc6 dxc6 11.f4 Qxd3 12.Bxd3 e5 13.fxe5 Ng4 14.Bf4 Bc5 15.h3 h5
16.Ne2 Nf2+ 17.Kh2 Be6 18.Kg3 Nxd3 19.cxd3 O-O-O 20.Rfd1 Bb6 21.b3 h4+ 22.Kf3 Rh5
23.d4 g5 24.Be3 Rg8 25.Kf2 g4 26.Nf4 Rh7 27.d5 Bxe3+ 28.Kxe3 Bd7 29.e6 fxe6
30.dxe6 Be8 31.hxg4 Rxg4 32.Rd4 Rg3+ 33.Kd2 Rg4 34.Rf1 Rhg7 35.Rf2 Kc7 36.Ke3 Rg3+
37.Rf3 R3g5 38.b4 a5 39.a3 axb4 40.axb4 Rg8 41.Rh3 Rg3+ 42.Rxg3 Rxg3+ 43.Kf2 Rg4
44.e5 Rg5 45.Nd3 c5 46.Rxh4 cxb4 47.Rxb4 Bc6 48.g4 Kd8 49.Kg3 Ke7 50.Rf4 Rg6
51.Rf2 Rxe6 52.Kf4 Rh6 53.Kg5 Rh8 54.Nf4 Rg8+ 55.Ng6+ Ke6 56.Rf6+ Kd5 57.Rd6+ Kc5
58.Kh6 Re8 59.Rf6 Bd5 60.Rf1 Bc4 61.Re1 Kd4 62.Nh4 Kc3 63.Nf5 b5 64.Nd6 Re6+
65.Kg7 Kd2 66.Re4 Be2 67.Kf7 Bxg4 68.Nxb5 Kd3 69.Nd6 Bh3 70.Re1 Kd2 71.Rh1 Ke2
72.Rh2+ Ke1 73.Nc4 Bf5 74.Rh4 Rc6 75.Nd6 Rc5 76.Kf6 Bd7 77.Rh7 Bg4 78.Rg7 Bh3
79.Rg3 Bd7 80.Rg7 Bh3 81.Nf5 Kf2 82.Rg5 Bf1 83.e6 Bb5 84.e7 Bd7 85.Rh5 Ra5
86.Kg7 Kf3 87.Nd4+  1-0

[Event "JUG-chT Cup"]
[Site "Becici"]
[Date "1994.??.??"]
[Round "?"]
[White "Ivanovic, Bozidar"]
[Black "Rajkovic, Dusan"]
[Result "0-1"]
[WhiteElo "2480"]
[BlackElo "2475"]

1.e4 c5 2.Nf3 e6 3.d4 cxd4 4.Nxd4 Nc6 5.Nc3 Qc7 6.Be2 a6 7.O-O Nf6 8.Kh1 Be7
9.f4 d6 10.Be3 O-O 11.Qe1 Nxd4 12.Bxd4 b5 13.e5 dxe5 14.fxe5 Nd7 15.Ne4 Bb7
16.Nf6+ Nxf6 17.exf6 Bxf6 18.Rxf6 Rfd8 19.Qh4 Rxd4 20.Qxd4 gxf6 21.Qxf6 Qxc2
22.Bf3 Bxf3 23.gxf3 Rc8 24.Qh6 Qxb2 25.Rg1+ Kh8 26.Qf4 f5 27.Qd6 Qc3 28.Rf1 Rg8
29.Qxe6 Qg7 30.Qe2 b4 31.Re1 a5 32.Qe5 a4 33.Qe2 b3 34.Rb1 Qc3 35.axb3 axb3
36.Qf2 h6 37.h3 Rg7 38.Kh2 Qc2 39.Rb2 Qxf2+ 40.Rxf2 Rb7 41.Rb2 Kg7 42.Kg3 Kf6
43.Kf4 Rb4+ 44.Ke3 Kg5 45.f4+ Kh4 46.Kf3 Rb6 47.Kf2 Rb7 48.Kf3 Rg7  0-1

[Event "JUG-chT Cup"]
[Site "Becici"]
[Date "1994.??.??"]
[Round "?"]
[White "Kosanovic, Goran A"]
[Black "Abramovic, Bosko"]
[Result "1/2-1/2"]
[WhiteElo "2370"]
[BlackElo "2500"]

1.e4 c5 2.Nf3 e6 3.d4 cxd4 4.Nxd4 Nc6 5.Nc3 a6 6.Be2 Qc7 7.f4 b5 8.Nxc6 Qxc6
9.Bf3 Bb7 10.Be3 Rc8 11.a3 Qc4 12.Qd3 Nf6 13.O-O d6 14.Rae1 Qxd3 15.cxd3 Nd7
16.Kf2 Be7 17.Ke2 Nc5 18.Kd2 Bf6 19.Bxc5 Rxc5 20.e5 Bxf3 21.exf6 Bxg2 22.Rf2 Bb7
23.fxg7 Rg8 24.f5 Rxg7 25.fxe6 Re5 26.exf7+ Rxf7 27.Rxe5+ dxe5 28.Rxf7 Kxf7
29.Ke3 Ke7 30.b4 h6 31.Ne4 Bc8 32.Nc5 Kd6 33.Ne4+ Kd5 34.Nc3+ Ke6 35.Ne4 Ke7
36.Nc5 Kd6 37.Ne4+ Ke7 38.Nc5 Kd6 39.Ne4+  1/2-1/2

[Event "Belgrade (Women)"]
[Site "Belgrade"]
[Date "1994.??.??"]
[Round "2"]
[White "Arakhamia, Ketevan"]
[Black "Bojkovic, Natasa"]
[Result "0-1"]
[WhiteElo "2485"]
[BlackElo "2410"]

1.e4 c5 2.Nf3 e6 3.d4 cxd4 4.Nxd4 Nc6 5.Nc3 Qc7 6.Be2 a6 7.O-O Nf6 8.Kh1 Be7
9.f4 d6 10.Be3 O-O 11.a4 Re8 12.Bd3 Nb4 13.a5 Bd7 14.Nf3 Nxd3 15.cxd3 Bc6
16.Qe1 Nd7 17.Qg3 Bf8 18.Nh4 f6 19.Qh3 g6 20.d4 Bg7 21.Nf3 f5 22.Ng5 Nf8
23.d5 exd5 24.Bb6 Qd7 25.exd5 Bb5 26.Rfc1 Rac8 27.Qg3 Bc4 28.h3 h6 29.Nf3 Qf7
30.Nd4 Bxd5 31.Nxd5 Qxd5 32.Rd1 Qf7 33.Qf3 Re4 34.Rd2 Nd7 35.Ne2 Nxb6 36.axb6 Rce8
37.Ng3 Re3 38.Qf2 d5 39.Rc1 Qe6 40.Nf1 Rb3 41.Rc7 Rxb6 42.Rxd5 Qxd5 43.Qxb6 Re6
44.Ne3 Qxg2+ 45.Kxg2 Rxb6 46.Nd5 Rxb2+ 47.Kg3 Rb5 48.Ne7+ Kh7 49.h4 h5 50.Rd7 a5
51.Nd5 Kh6 52.Ne7 Rb6 53.Nc8 Ra6 54.Nd6 Ra8 55.Nf7+ Kh7 56.Rxb7 a4 57.Ng5+ Kg8
58.Ne6 Bf6 59.Nc7 Rc8 60.Nd5 Bd8 61.Ra7 Rc5 62.Rd7 Rc8 63.Ra7 Rb8 64.Rxa4 Rb3+
65.Kg2 Bxh4 66.Ra7 Rd3 67.Ne7+ Bxe7 68.Rxe7 h4 69.Ra7 h3+ 70.Kh2 Rf3 71.Ra4 Kg7
72.Rb4 Kh6 73.Ra4 Kh5 74.Rb4 Kh4 75.Rb6 Rf2+ 76.Kh1 Kh5 77.Rb4 Re2 78.Rb3 Re4
79.Rxh3+ Kg4 80.Rh6 Re6  0-1

[Event "Berliner Sommer"]
[Site "Berlin"]
[Date "1994.??.??"]
[Round "?"]
[White "Mueller, W."]
[Black "Ruzele, Darius"]
[Result "0-1"]
[WhiteElo "2300"]
[BlackElo "2495"]

1.e4 c5 2.Nf3 e6 3.d4 cxd4 4.Nxd4 Nc6 5.Nc3 Qc7 6.g3 a6 7.Bg2 Nf6 8.O-O Nxd4
9.Qxd4 Bc5 10.Bf4 d6 11.Qd3 Nd7 12.Rad1 Ne5 13.Qe2 Bd7 14.Be3 Bb4 15.Bd4 Bxc3
16.Bxc3 Bb5 17.Qe3 Bxf1 18.Bxf1 O-O 19.f4 Nc6 20.g4 Rad8 21.f5 Ne5 22.f6 gxf6
23.Rd3 Kg7 24.Qf4 h6 25.h4 Qe7 26.Rg3 Ng6 27.g5 e5 28.gxh6+ Kh8 29.Qg4 Qd7
30.Qf3 Nf4 31.Kh2 Rg8 32.Bh3 Rxg3  0-1

[Event "Berliner Sommer"]
[Site "Berlin"]
[Date "1994.??.??"]
[Round "?"]
[White "Delekta, Piotr"]
[Black "Ruzele, Darius"]
[Result "1/2-1/2"]
[WhiteElo "2305"]
[BlackElo "2495"]

1.e4 c5 2.Nf3 e6 3.d4 cxd4 4.Nxd4 Nc6 5.Nc3 Qc7 6.Be3 a6 7.Nb3 Nf6 8.Be2 Bb4
9.O-O d6 10.Na4 Nd7  1/2-1/2

[Event "Berliner Sommer"]
[Site "Berlin"]
[Date "1994.??.??"]
[Round "?"]
[White "Stillger, Bernhard"]
[Black "Teske, Henrik"]
[Result "0-1"]
[WhiteElo "2340"]
[BlackElo "2495"]

1.e4 c5 2.Nf3 e6 3.d4 cxd4 4.Nxd4 Nc6 5.Nc3 Qc7 6.g3 a6 7.Bg2 Be7 8.O-O d6
9.Re1 Bd7 10.Nxc6 Bxc6 11.Bf4 Nf6 12.Qe2 O-O 13.e5 dxe5 14.Bxe5 Qb6 15.Rad1 Rfd8
16.Bxc6 Qxc6 17.Rxd8+ Rxd8 18.Rd1 Rc8 19.Rd2 b5 20.a3 h6 21.Qd1 a5 22.Bd6 Kf8
23.Rd4 Qb6 24.Qd3 b4 25.Bxe7+ Kxe7 26.axb4 axb4 27.Nb5 Qc5 28.Nd6 Rc6 29.Ne4 Qxc2
30.Nxf6 Qxd3 31.Ng8+ Kf8 32.Rxd3 Kxg8 33.Rd8+ Kh7 34.Rd4 Rb6 35.Kf1 e5 36.Rc4 Kg6
37.Ke2 f5 38.Kd3 e4+ 39.Kc2 Kg5 40.h3 h5 41.Kb3 h4 42.Rxb4 hxg3 43.fxg3 Rxb4+
44.Kxb4 f4 45.gxf4+ Kxf4 46.Kc3 e3  0-1

[Event "Bern op"]
[Site "Bern"]
[Date "1994.??.??"]
[Round "3"]
[White "Schwaegli, Bruno"]
[Black "Arakhamia, Ketevan"]
[Result "1-0"]
[WhiteElo "2295"]
[BlackElo "2485"]

1.e4 c5 2.Nf3 Nc6 3.d4 cxd4 4.Nxd4 e6 5.Nc3 d6 6.Be3 Nf6 7.Bc4 Be7 8.Qe2 O-O
9.O-O-O Qc7 10.Bb3 Na5 11.g4 Nxb3+ 12.axb3 d5 13.exd5 Nxd5 14.Nxd5 exd5 15.Nf5 Bf6
16.Rxd5 Be6 17.Rc5 Qb8 18.g5 Be5 19.Bd4 Bxd4 20.Nxd4 Qf4+ 21.Qe3 Qxe3+ 22.fxe3 Bh3
23.Rg1 Rac8 24.b4 Rfe8 25.Kd2 Kf8 26.Rxc8 Bxc8 27.Ra1 a6 28.Ra5 Bh3 29.Rc5 Bg2
30.Ke2 g6 31.Kf2 Be4 32.b5 b6 33.Rc7 axb5 34.Nxb5 Re5 35.Nd6 Bd5 36.h4 Re6
37.Rxf7+ Kg8 38.Rd7 Bc6 39.Rd8+ Kg7 40.b4 b5 41.c4 bxc4 42.Nxc4 h6 43.Rd6  1-0

[Event "Biel"]
[Site "Biel"]
[Date "1994.??.??"]
[Round "2"]
[White "Forster, Richard"]
[Black "Cramling, Pia"]
[Result "0-1"]
[WhiteElo "2380"]
[BlackElo "2525"]

1.e4 c5 2.Nf3 e6 3.d4 cxd4 4.Nxd4 Nc6 5.Nc3 Qc7 6.Be2 a6 7.O-O b5 8.Nxc6 dxc6
9.f4 Bb7 10.Be3 Be7 11.Qe1 c5 12.Bf3 b4 13.Nb1 Nf6 14.Nd2 c4 15.e5 Nd5 16.Bd4 Rd8
17.c3 O-O 18.Ne4 Nxf4 19.Nf6+ gxf6 20.exf6 Bd6 21.Qe3 Kh8 22.Bxb7 e5 23.Rxf4 exf4
24.Qf3 Bc5 25.Be4 Bxd4+ 26.cxd4 Qd6 27.Bxh7 Qxd4+ 28.Kh1 Qxf6 29.Bc2 Rfe8
30.Rf1 Rd2 31.Qh5+ Kg7 32.Bf5 Re5 33.Qg4+ Kf8 34.Bh7 Rg5 35.Qc8+ Rd8 36.Qxc4 f3
37.Qxb4+ Kg7 38.Be4 Rd4 39.Qb7 f2 40.Bf3 Rd2 41.Qa7 Rxb2 42.a4 Ra2 43.h3 Qf4
44.Qxa6 Re5 45.Qd3 Re1 46.Qc3+ Qf6  0-1

[Event "Biel op"]
[Site "Biel"]
[Date "1994.??.??"]
[Round "4"]
[White "Liss, Eran"]
[Black "Markowski, Tomasz"]
[Result "1-0"]
[WhiteElo "2480"]
[BlackElo "2475"]

1.e4 c5 2.Nf3 Nc6 3.d4 cxd4 4.Nxd4 e6 5.Nc3 d6 6.Be3 Nf6 7.Qd2 Be7 8.f3 O-O
9.g4 Nd7 10.O-O-O a6 11.h4 Nxd4 12.Bxd4 b5 13.g5 b4 14.Ne2 a5 15.Bh3 Ne5
16.f4 Nc4 17.Qd3 Ba6 18.Qg3 Qc7 19.g6 hxg6 20.h5 Rac8 21.hxg6 Ne5 22.c3 Nxg6
23.Bxe6 fxe6 24.Qxg6 Bf6 25.Qh7+ Kf7 26.Bxf6 Kxf6 27.Rxd6 Bc4 28.Rhd1 bxc3
29.e5+ Ke7 30.Rd7+  1-0

[Event "Wch Seniors"]
[Site "Biel"]
[Date "1994.??.??"]
[Round "7"]
[White "Durao, Joaquim"]
[Black "Gurgenidze, Bukhuti"]
[Result "0-1"]
[WhiteElo "2205"]
[BlackElo "2390"]

1.e4 c5 2.Nf3 Nc6 3.Nc3 e6 4.d4 cxd4 5.Nxd4 Nf6 6.Ndb5 d6 7.Bf4 e5 8.Bg5 a6
9.Bxf6 gxf6 10.Na3 b5 11.Nd5 f5 12.Qd3 fxe4 13.Qxe4 Bd7 14.g4 Rg8 15.Be2 Nd4
16.Bd1 Rc8 17.c3 f5 18.gxf5 Bxf5 19.Bh5+ Kd7 20.Qe3 Be6 21.Nb4 Rg5 22.Bd1 Bh6
23.cxd4 Qa5 24.Nc2 Rg1+ 25.Rxg1 Bxe3 26.Rg7+ Ke8 27.fxe3 Rxc2 28.Bxc2 Qxb4+
29.Kd1 Qxb2 30.Rc1 exd4 31.Rg3 dxe3 32.Rxe3 Qd4+ 33.Ke2 Kd7 34.Rd1 Qc4+ 35.Bd3 Qxa2+
36.Kf1 Bc4 37.Re2 Bxd3 38.Rxd3 Qb1+  0-1

[Event "Biel op"]
[Site "Biel"]
[Date "1994.??.??"]
[Round "7"]
[White "Klovans, Janis"]
[Black "Franzoni, Giancarlo"]
[Result "1/2-1/2"]
[WhiteElo "2405"]
[BlackElo "2435"]

1.e4 c5 2.Nf3 e6 3.d4 cxd4 4.Nxd4 Nc6 5.Nc3 Qc7 6.Be2 a6 7.O-O Nf6 8.Be3 Bb4
9.Na4 Be7 10.Nxc6 bxc6 11.Nb6 Rb8 12.Nxc8 Qxc8 13.e5 Nd5 14.Bc1 Bc5 15.c4 Ne7
16.b3 Qc7 17.Bb2 O-O 18.Bd3 Ng6 19.Qh5 a5 20.Bc2 a4 21.Rad1 axb3 22.Bxb3 Rfd8
23.g3 Qa5 24.Qe2 d6 25.exd6 Bxd6 26.Qe4 Be5 27.Bc1 c5 28.Be3 Qa7 29.h4 Bd4
30.h5 Ne7 31.Bc2 g6 32.Bxd4 cxd4 33.h6 Qc5 34.Qf4 Nf5 35.Bxf5 Qxf5 36.Rxd4 Qxf4
37.Rxf4 Rb2 38.Ra1 g5 39.Rf3 g4 40.Rb3 Rc2 41.Rab1 Rxa2 42.Rb8 Ra8 43.Rxd8+ Rxd8
44.Kf1 Kf8 45.Ke2 Rd4 46.Rb8+ Ke7 47.Rc8 Kd7 48.Rh8 Rxc4 49.Rxh7 Ke7 50.Rg7 Rc8
51.Rxg4 Rh8 52.Rh4 Kf6 53.Ke3 Kg6 54.Kd4 Rxh6 55.Rxh6+ Kxh6 56.Ke5 Kg5 57.f3 Kg6
58.Kd6 Kf6 59.Kd7 e5 60.Kd6 Kf5 61.Ke7 e4  1/2-1/2

[Event "Biel op"]
[Site "Biel"]
[Date "1994.??.??"]
[Round "9"]
[White "De Firmian, Nick E"]
[Black "Franzoni, Giancarlo"]
[Result "1-0"]
[WhiteElo "2565"]
[BlackElo "2435"]

1.e4 c5 2.Nf3 e6 3.d4 cxd4 4.Nxd4 Nc6 5.Nc3 Qc7 6.g3 a6 7.Bg2 Nf6 8.O-O Be7
9.a4 O-O 10.Nb3 d6 11.f4 Bd7 12.g4 d5 13.exd5 Nb4 14.g5 Nfxd5 15.Nxd5 Nxd5
16.Nd4 Bc5 17.c3 Bc6 18.Kh1 Bxd4 19.Qxd4 Rad8 20.Qf2 Ne7 21.Be3 Bxg2+ 22.Kxg2 Nf5
23.Bb6 Qc6+ 24.Kg1 Rd5 25.a5 h6 26.Rad1 hxg5 27.fxg5 Rxd1 28.Rxd1 Qa4 29.Rf1 Rc8
30.Qg2 Rc4 31.Qxb7 Rg4+ 32.Kh1 Rxg5 33.Qf3 Qb5 34.Rg1 Rxg1+ 35.Kxg1 Qxb2
36.Qa8+ Kh7 37.Qxa6 Qxc3 38.Qf1 Qc6 39.Bf2 Kg8 40.a6 e5 41.a7 Nd4 42.Bxd4 exd4
43.Qb1 d3 44.Qb8+ Kh7 45.a8=Q Qc1+ 46.Kg2 Qc2+ 47.Kh3  1-0

[Event "Wch Seniors"]
[Site "Biel"]
[Date "1994.??.??"]
[Round "9"]
[White "Durao, Joaquim"]
[Black "Suetin, Alexey S"]
[Result "0-1"]
[WhiteElo "2205"]
[BlackElo "2395"]

1.e4 c5 2.Nf3 Nc6 3.Nc3 e6 4.d4 cxd4 5.Nxd4 Qc7 6.f4 a6 7.Be3 b5 8.Bd3 Bb7
9.O-O Bc5 10.Nce2 Nf6 11.Kh1 d6 12.Bxb5 axb5 13.Nxb5 Qd7 14.Bxc5 dxc5 15.Nd6+ Ke7
16.e5 Ba6 17.c4 Ne8 18.Nb5 Qxd1 19.Rfxd1 g5 20.g3 gxf4 21.gxf4 Bb7 22.Kg1 Rg8+
23.Kf2 Na5 24.Ng3 Rg4 25.b3 Rxf4+ 26.Kg1 Nc6  0-1

[Event "Biel op"]
[Site "Biel"]
[Date "1994.??.??"]
[Round "10"]
[White "Edelman, Daniel"]
[Black "Kersten, Uwe"]
[Result "1-0"]
[WhiteElo "2415"]
[BlackElo "2345"]

1.e4 c5 2.Nf3 e6 3.d4 cxd4 4.Nxd4 Nc6 5.Nc3 a6 6.f4 Qc7 7.Be2 b5 8.Nxc6 Qxc6
9.Bf3 Bb7 10.Be3 Rd8 11.Qd4 Qc7 12.O-O Ne7 13.a4 bxa4 14.Qxa4 Ng6 15.e5 Bxf3
16.Rxf3 Nh4 17.Rh3 Nf5 18.Bf2 Bc5 19.Bxc5 Qxc5+ 20.Kh1 O-O 21.Ne4 Qc7 22.Rc3 Qb7
23.Rb3 Qc7 24.Rd3 f6 25.exf6 gxf6 26.Rad1 d5 27.Qxa6 Kf7 28.Rc3 Qxf4 29.Nc5 Rfe8
30.Rf1 Qd4 31.Qe2 Ng7 32.Nb3 Qe4  1-0

[Event "Biel op"]
[Site "Biel"]
[Date "1994.??.??"]
[Round "11"]
[White "Golubev, Mihail"]
[Black "Landa, Konstantin"]
[Result "1-0"]
[WhiteElo "2545"]
[BlackElo "2510"]

1.e4 c5 2.Nf3 Nc6 3.d4 cxd4 4.Nxd4 e6 5.Nc3 a6 6.Be3 Qc7 7.Bd3 Nf6 8.O-O Nxd4
9.Bxd4 Bc5 10.Be2 e5 11.Bxc5 Qxc5 12.Qd3 d6 13.Rad1 Ke7 14.Kh1 Be6 15.f4 Rhc8
16.Na4 Qb4 17.b3 Rd8 18.c4 exf4 19.Rxf4 Nd7 20.Qg3 Kf8 21.Bg4 Kg8 22.Bxe6 fxe6
23.Rg4 g6 24.Rf4 Ne5 25.Qh3 Re8 26.Rf6 Nxc4 27.Rxe6 Ne5 28.Nc3 Rac8 29.Rxe8+ Rxe8
30.Nd5  1-0

[Event "GER-ch"]
[Site "Binz"]
[Date "1994.??.??"]
[Round "1"]
[White "Krajina, Davor"]
[Black "Maiwald, Jens Uwe"]
[Result "0-1"]
[WhiteElo "2270"]
[BlackElo "2445"]

1.e4 c5 2.Nc3 e6 3.Nf3 Nc6 4.d4 cxd4 5.Nxd4 Qc7 6.g3 a6 7.Bg2 d6 8.O-O Nf6
9.Nde2 b5 10.a3 Bb7 11.h3 Be7 12.f4 b4 13.axb4 Nxb4 14.Kh2 O-O 15.Be3 Rfd8
16.Nd4 Rac8 17.Rf2 g6 18.Ra4 d5 19.e5 Ne4 20.Nxe4 dxe4 21.Qe2 Qb8 22.c3 Nd3
23.Rf1 Bd5 24.Bc1 Qb7 25.c4 Rxc4 26.Rxc4 Bxc4 27.Bxe4 Nxc1 28.Qc2 Bd5 29.Nc6 Qxc6
30.Qxc6 Bxc6 31.Bxc6 Rd2+ 32.Kh1 Nd3  0-1

[Event "Bled op"]
[Site "Bled"]
[Date "1994.??.??"]
[Round "?"]
[White "Zagrebelny, Sergey"]
[Black "Sermek, Drazen"]
[Result "1/2-1/2"]
[WhiteElo "2510"]
[BlackElo "2520"]

1.e4 c5 2.Nf3 e6 3.Nc3 Nc6 4.d4 cxd4 5.Nxd4 Nf6 6.Ndb5 d6 7.Bf4 e5 8.Bg5 a6
9.Na3 b5 10.Nd5 Be7 11.Bxf6 Bxf6 12.c3 Ne7 13.Nxf6+ gxf6 14.Qf3 f5 15.exf5 Bxf5
16.Bd3 Be6 17.O-O O-O 18.Nc2 f5 19.Rfe1 Kh8 20.Bf1 Rg8 21.Red1 f4 22.Rd2 Qb6
23.Ne1 d5 24.Qh5 Bf5 25.Nd3 Qf6 26.Qe2 Ng6 27.Ne1 Be6 28.a4 Nh4 29.f3 bxa4
30.Rxa4 a5 31.b4 Rac8  1/2-1/2

[Event "Bled op"]
[Site "Bled"]
[Date "1994.??.??"]
[Round "?"]
[White "Kaplan, Lael"]
[Black "Kaenel, Hansjuerg"]
[Result "1/2-1/2"]
[WhiteElo "2215"]
[BlackElo "2390"]

1.e4 c5 2.Nf3 e6 3.d4 cxd4 4.Nxd4 Nc6 5.Nc3 Qc7 6.Be3 Nf6 7.Bd3 a6 8.O-O Ne5
9.h3 Bc5 10.Qe2 d6 11.f4 Ng6 12.Nb3 Bxe3+ 13.Qxe3 b5 14.Kh1 O-O 15.a4 b4
16.Ne2 Bb7 17.Ng3 a5 18.Rf2 d5 19.e5 Nd7 20.Re1 Bc6 21.Nd4 Bxa4 22.b3 Bc6
23.f5 exf5 24.Ngxf5 Ndxe5 25.Nxg7 Kxg7 26.Bxg6 Nxg6 27.Nf5+ Kg8 28.Qh6 f6
29.Re7 Qxe7 30.Nxe7+ Nxe7 31.Rxf6 Rxf6 32.Qxf6 Re8 33.Qe6+ Kg7 34.g4 h6 35.h4 a4
36.g5 hxg5 37.hxg5 a3 38.Qf6+ Kg8 39.Qe6+ Kg7 40.Qf6+  1/2-1/2

[Event "Bled op"]
[Site "Bled"]
[Date "1994.??.??"]
[Round "?"]
[White "Sax, Gyula"]
[Black "Kaenel, Hansjuerg"]
[Result "1-0"]
[WhiteElo "2520"]
[BlackElo "2390"]

1.e4 c5 2.Nf3 e6 3.d4 cxd4 4.Nxd4 Nc6 5.Nc3 Qc7 6.f4 a6 7.Be3 Nxd4 8.Qxd4 b5
9.Bd3 Ne7 10.a4 Nc6 11.Qb6 Qxb6 12.Bxb6 b4 13.Nd1 Bb7 14.Ne3 Be7 15.O-O-O Na7
16.Nc4 d5 17.Na5 dxe4 18.Nxb7 exd3 19.Rxd3 Nc8 20.Ba5 Rb8 21.Rhd1 O-O 22.Rd7 Re8
23.Nd8 Bxd8 24.Rxd8 Ne7 25.Rxe8+ Rxe8 26.Rd6 Nd5 27.f5 Ne3 28.fxe6 Nc4 29.Rxa6 fxe6
30.Bxb4 Ne3 31.Rc6 Nxg2 32.a5 Nf4 33.a6 Ra8 34.Bc5 e5 35.b4  1-0

[Event "Bled op"]
[Site "Bled"]
[Date "1994.??.??"]
[Round "?"]
[White "Rogic, Davor"]
[Black "Cebalo, Miso"]
[Result "1-0"]
[WhiteElo "2390"]
[BlackElo "2520"]

1.e4 c5 2.Nf3 e6 3.d4 cxd4 4.Nxd4 Nc6 5.Nc3 d6 6.Be3 Nf6 7.Bc4 Be7 8.Qe2 O-O
9.O-O-O Qc7 10.Rhg1 a6 11.Bb3 Nxd4 12.Rxd4 b5 13.g4 Nd7 14.g5 Nc5 15.e5 dxe5
16.Rh4 Nxb3+ 17.axb3 g6 18.Qf3 e4 19.Nxe4 Bb7 20.Bd4 e5 21.Bc3 Bxe4 22.Qxe4 Bd6
23.f4 b4 24.Bxe5 Rfe8 25.Rd1 Bxe5 26.fxe5 Qxe5 27.Qxb4 Qxg5+ 28.Kb1 a5 29.Qa4 Re2
30.Qc4 Rae8 31.Rf4 Qe7 32.Rdf1 Re1+ 33.Ka2 Rxf1 34.Rxf1 h5 35.Qd5 Qc7 36.Rf6 Kg7
37.Rf2 Re7 38.c4 f5 39.Rd2 f4 40.Qa8 Rd7 41.Rxd7+ Qxd7 42.c5 Qf7 43.Qxa5 f3
44.c6 f2 45.c7 Qf8 46.Qc3+ Kh6 47.c8=Q Qxc8 48.Qxc8 f1=Q 49.h4 Qf6 50.b4 g5
51.hxg5+ Kxg5 52.b5 h4 53.Qc5+ Kg4 54.b6 h3 55.Qc4+ Kh5 56.b7 Qe5 57.Qf7+ Kh4
58.Qh7+  1-0

[Event "Bucharest-A (Women)"]
[Site "Bucharest"]
[Date "1994.??.??"]
[Round "?"]
[White "Baciu Ionescu, Otilia"]
[Black "Shumiakina, Tatiana"]
[Result "0-1"]
[WhiteElo "2190"]
[BlackElo "2315"]

1.e4 c5 2.Nf3 Nc6 3.Nc3 e6 4.d4 cxd4 5.Nxd4 Nf6 6.Nxc6 bxc6 7.Bd3 e5 8.O-O d6
9.Qe2 Be7 10.Bd2 O-O 11.Kh1 Nd7 12.f4 exf4 13.Bxf4 Ne5 14.Nd1 Bf6 15.Ne3 Ng6
16.Nc4 Nxf4 17.Rxf4 Qe7 18.Raf1 Bg5 19.R4f2 g6 20.e5 d5 21.Nd6 Be6 22.c4 f6
23.cxd5 Bxd5 24.Nc4 fxe5 25.Rxf8+ Rxf8 26.Rxf8+ Qxf8 27.Nxe5 Qf4 28.Bc4 Kg7
29.Bd3 Qc1+ 30.Qf1 Qxb2 31.Nd7 Bf4 32.Be2 Qd4 33.a4 Qxa4 34.Nc5 Qd4 35.Bd3 Bd6  0-1

[Event "Ciocaltea mem"]
[Site "Bucharest"]
[Date "1994.??.??"]
[Round "1"]
[White "Moldovan, Daniel"]
[Black "Maiwald, Jens Uwe"]
[Result "1/2-1/2"]
[WhiteElo "2405"]
[BlackElo "2490"]

1.e4 c5 2.Nc3 e6 3.Nge2 Nc6 4.d4 cxd4 5.Nxd4 Qc7 6.Be3 a6 7.Qd2 Nf6 8.f3 b5
9.Nxc6 dxc6 10.a4 Rb8 11.axb5 cxb5 12.Bd3 Bd6 13.f4 Ng4 14.e5 Bb4 15.Bd4 Bb7
16.Qe2 Nh6 17.O-O Nf5 18.Bxf5 exf5 19.Nd1 Bc5 20.Bxc5 Qxc5+ 21.Ne3 O-O 22.Qf2 g6
23.Rfd1 f6 24.exf6 Rxf6 25.Ra3  1/2-1/2

[Event "Budapest FS03 IM-B"]
[Site "Budapest"]
[Date "1994.??.??"]
[Round "4"]
[White "Kerek, Krisztian"]
[Black "Kabatianski, Alexandr"]
[Result "0-1"]
[WhiteElo "2170"]
[BlackElo "2365"]

1.e4 c5 2.Nf3 e6 3.d4 cxd4 4.Nxd4 Nc6 5.Nc3 a6 6.Be3 Qc7 7.Be2 Nf6 8.O-O d6
9.f4 Be7 10.Qe1 O-O 11.Qg3 Nxd4 12.Bxd4 b5 13.a3 Bb7 14.Kh1 Bc6 15.e5 dxe5
16.fxe5 Nd7 17.Qe3 Rae8 18.Ne4 Nxe5 19.Qg3 f6 20.Bxe5 fxe5 21.Bd3 Rf4 22.Rxf4 exf4
23.Qh3 Qe5 24.Re1 g6 25.Re2 Bd8 26.Nd2 Qf6 27.c3 Bb6 28.Ne4 Qe7 29.Qf3 e5
30.h3 Kg7 31.Rd2 Be3 32.Rd1 Rd8 33.Qe2 Qb7 34.Ng5 Rd6 35.Bc2 Rxd1+ 36.Bxd1 Qd7  0-1

[Event "Budapest FS06 IM-A"]
[Site "Budapest"]
[Date "1994.??.??"]
[Round "5"]
[White "Payen, Arnaud"]
[Black "Kabatianski, Alexandr"]
[Result "0-1"]
[WhiteElo "2300"]
[BlackElo "2365"]

1.e4 c5 2.Nf3 e6 3.d4 cxd4 4.Nxd4 Nc6 5.Nc3 Qc7 6.Be2 a6 7.O-O Nf6 8.Kh1 d6
9.a4 Be7 10.f4 O-O 11.Be3 Re8 12.Qd2 Na5 13.Qd3 d5 14.exd5 exd5 15.Bf3 Rd8
16.Rad1 Nc6 17.Qe2 Bb4 18.Rd3 Bf8 19.Qf2 Nb4 20.Rd2 Re8 21.h3 Bd7 22.g4 Rac8
23.Nde2 Ne4 24.Bxe4 dxe4 25.f5 Bc6 26.Rfd1 Nd3 27.cxd3 exd3+ 28.Kg1 dxe2
29.Rxe2 Qa5 30.Rd4 Re5 31.Rc4 Qd8 32.b4 Qd3 33.Bf4 Qxc4 34.Bxe5 Bxb4  0-1